000 00774nam a2200289Ia 4500
001 13435
003 IT-RoPAU
008 130308s9999 xx 000 0 und d
040 _aIT-RoPAU
040 _cIT-RoPAU
041 _aITALIANO
100 _aCastaldini Ennio
100 _gCodice Aut. SPICS: 8328
245 _aAnni sessanta in Ungheria (Gli)
245 _bStoria del Cinema-4-Italia Anni '70 e nuove Cinematografie
250 _a1a ed.
260 _aVENEZIA
260 _bMarsilio
260 _c1981 [1° Ed.:1981 - Ed.Ling.Originale:1981]
300 _a"14 p. (prefazione: no ; testo: 14 [pagine: 107-120])"
650 _aSTORIA DEL CINEMA
650 _eCodice materia Spics: 6808
942 _cBK
957 _71
999 _c53400
_d53400
999 _bSI
999 _g1